中华民国所有首都城市 Capital Cites of Republic of China Since 1912 - Statistics

General Stats
  • This quiz has been taken 60 times
  • The average score is 9 of 10
Answer Stats
开始时间 结束时间 首都 % Correct
1912.1.1 1912.3.10 南京
100%
1928.6.8 1937.11.17 南京
100%
1937.11.21 1946.5.5 重庆
100%
1946.5.5 1949.2.5 南京
100%
1949.10.12 1949.11.29 重庆
100%
1912.3.10 1928.6.8 北京
98%
1949.12.7 至今 台北
94%
1937.11.17 1937.11.21 汉口
90%
1949.2.5 1949.10.12 广州
87%
1949.11.29 1949.12.7 成都
75%
No matching quizzes found
Score Distribution
Percent of People with Each Score
Percentile by Number Answered
Your Score History
You have not taken this quiz